000 00538 a2200181 4500
003 OSt
005 20231125120337.0
008 231125b |||||||| |||| 00| 0 eng d
020 _a9788176567527
040 _coclc
082 _a004
_bSIN/C
100 _aSinha, Pradeep K
_95357
245 _aComputer fundamentals :
_bconcepts, systems & applications /
_cPradeep K Sinha, Priti Sinha
250 _a8th ed.
260 _bBPB Publications,
_c2023.
300 _a510p
942 _2ddc
_cBK
_h004
_iSIN/C
_k004
_mSIN/C
999 _c43633
_d43633